000
00213 a2200109 4500
020
_a
9781541509511
041
_a
spa
100
_a
Schuh, Mari
245
_a
Libro de formas de crayola
942
_c
BK
952
_7
1
999
_c
22327
_d
22327